Представление документа в формате MARC21

Поле Инд. ПП Название Значение
Тип записи a
Библиографический уровень b
001 Контрольный номер RU/IS/BASE/287496594
005 Дата корректировки 20200522191306.4
008 Кодируемые данные 20090209
040 b Код языка каталог. rus
e Правила каталог. PSBO
041 0_ a Код языка текста rus
084 a Индекс другой классификации/Индекс ББК 65.050
100 1_ a Автор Седова М.
245 10 a Заглавие Стратегическое управление региональными инвестиционными процессами
504 a Библиография Лит. в конце статьи
650 a Основная рубрика управление экономикой
a Основная рубрика экономика
653 1_ a Ключевые слова государственное управление
a Ключевые слова инвестиционные стратегии
a Ключевые слова инновационное управление
a Ключевые слова менеджмент
a Ключевые слова региональные инвестиции
a Ключевые слова стратегическое управление
a Ключевые слова управление инвестиционным процессом
773 0_ t Заглавие источника РИСК: ресурсы, информация, снабжение, конкуренция
d Дата издания источника 2008
g Прочая информация № 4. - С. 6 - 7
w Контрольный № источника RU/IS/BASE/286471778
901 t Тип документа b